Ημερολόγιο σοφίας : σκέψεις που τρέφουν την ψυχή, από τα ιερά κείμενα της ανθρωπότητας και από τον Λέοντα Τολστόι

Αποθηκεύτηκε σε:
Λεπτομέρειες βιβλιογραφικής εγγραφής
Κύριος συγγραφέας: Tolstoy, Leo, graf, 1828-1910
Άλλοι συγγραφείς: Κουβαράκου, Νάνσυ (trlf), Σταθοπούλου, Αγγελική (edtf)
Μορφή: Βιβλίο
Γλώσσα:Greek
English
Δημοσίευση: Αθήνα : Printa, 2004.
Έκδοση:2η έκδ.
Σειρά:Στις πηγές της γνώσης
Θέματα:
Ετικέτες: Προσθήκη ετικέτας
Δεν υπάρχουν, Καταχωρήστε ετικέτα πρώτοι!

MARC

LEADER 00000cam a2200000 a 4500
001 1/120968
008 200220r20042003gr | ||| |||| ||gre||
020 |a 9607408896 
040 |a GR-MyUa  |b gre  |c GR-MyUa  |e AACR2 
041 1 |a gre  |h eng 
082 7 |a 808.882  |2 (23) 
100 1 |a Tolstoy, Leo,   |c graf,   |d 1828-1910. 
245 1 0 |a Ημερολόγιο σοφίας :   |b σκέψεις που τρέφουν την ψυχή, από τα ιερά κείμενα της ανθρωπότητας και από τον Λέοντα Τολστόι /   |c Λέων Τολστόι ; μετάφραση: Νάνσυ Κουβαράκου ; επιμέλεια: Αγγελική Σταθοπούλου.  
250 |a 2η έκδ.  
260 |a Αθήνα :   |b Printa,   |c 2004.  
300 |a 386 σ. ;   |c 21 εκ.  
490 1 |a (Στις πηγές της γνώσης)  
504 |a Ευρετήριο: σ. 377-386  
600 1 0 |a Tolstoy, Leo,   |c graf,   |d 1828-1910. 
650 0 |a Quotations 
650 0 |a Conduct of life  |x Philosophy. 
650 0 |a Aphorisms and apothegms 
700 1 |a Κουβαράκου, Νάνσυ,  |e trlf 
700 1 |a Σταθοπούλου, Αγγελική,  |e edtf 
830 0 |a Στις πηγές της γνώσης 
852 |a INST  |b SAMOS  |e 20200220  |h 808.882 TOL  |p 005300046386  |q 005300046386  |t BK  |y 0 
920 |a Τσάγκος  |b Γεράσιμος  |y Σάμος  |z 2009-11 
970 |a Γουβάλα  |b Βάσω  |z 20-2-2020